[Event "GER-ch Seniors 21st"]
[Site "Dresden"]
[Date "2009.08.05"]
[Round "4"]
[White "Kreutzkamp, Hans Rudolf"]
[Black "Koksch, Guenther"]
[Result "1-0"]
[WhiteElo "2215"]
[BlackElo "2100"]
[PlyCount "46"]
[EventDate "2009.08.03"]
[EventType "swiss"]
[EventRounds "9"]
[EventCountry "GER"]
[SourceTitle "CBM 131 Extra"]
[Source "ChessBase"]
[SourceDate "2009.09.03"]
[SourceVersion "2"]
[SourceVersionDate "2009.09.16"]
[SourceQuality "1"]

1. e4 e6 2. d4 b6 3. f4 Bb7 4. Bd3 c5 5. dxc5 Bxc5 6. Nf3 Nf6 7. Qe2 d5 8. e5 Ne4 9. Bxe4 dxe4 10. Ng5 Qd5 11. Nc3 Bb4 12. Bd2 Bxc3 13. Bxc3 0-0 14. Rd1 Qxa2 15. Nxe4 Nc6 16. Nd6 Qa6 17. Qe3 Ne7 18. Kf2 Nf5 19. Nxf5 exf5 20. e6 Be4 21. e7 Rfe8 22. Qg3 f6 23. Bxf6 g6 1-0

[Event "GER-ch Seniors 21st"]
[Site "Dresden"]
[Date "2009.08.04"]
[Round "2"]
[White "Goy, Udo"]
[Black "Koksch, Guenther"]
[Result "1/2-1/2"]
[WhiteElo "2228"]
[BlackElo "2100"]
[PlyCount "51"]
[EventDate "2009.08.03"]
[EventType "swiss"]
[EventRounds "9"]
[EventCountry "GER"]
[SourceTitle "CBM 131 Extra"]
[Source "ChessBase"]
[SourceDate "2009.09.03"]
[SourceVersion "2"]
[SourceVersionDate "2009.09.16"]
[SourceQuality "1"]

1. d4 e6 2. c4 f5 3. Nc3 Nf6 4. g3 Be7 5. Bg2 0-0 6. Nh3 d6 7. 0-0 e5 8. dxe5 dxe5 9. Nd5 Nxd5 10. Qxd5+ Qxd5 11. Bxd5+ Kh8 12. Bg2 c6 13. e4 h6 14. exf5 Bxf5 15. Be3 Nd7 16. Rad1 Nf6 17. f3 b6 18. Nf2 Rad8 19. h3 Rxd1 20. Rxd1 Rd8 21. Rc1 Kh7 22. Bf1 Rd7 23. g4 Bg6 24. Be2 Bb4 25. Rd1 Rxd1+ 26. Nxd1 1/2-1/2

[Event "Sachsen-ch Seniors op 17th"]
[Site "Dresden"]
[Date "2009.02.15"]
[Round "7"]
[White "Koksch, Guenther"]
[Black "Lenk, Wolfgang"]
[Result "0-1"]
[WhiteElo "1921"]
[BlackElo "2106"]
[PlyCount "68"]
[EventDate "2009.02.09"]
[EventType "swiss"]
[EventRounds "9"]
[EventCountry "GER"]
[SourceTitle "EXT 2022"]
[Source "ChessBase"]
[SourceDate "2021.10.06"]
[SourceVersion "1"]
[SourceVersionDate "2021.10.06"]
[SourceQuality "1"]

1. d4 Nf6 2. Nc3 g6 3. e4 d6 4. Bg5 Bg7 5. e5 dxe5 6. dxe5 Ng4 7. Qxd8+ Kxd8 8. Rd1+ Bd7 9. e6 fxe6 10. Bc4 Kc8 11. Bxe7 Nc6 12. Bh4 Nd4 13. Rd2 b5 14. Bd3 Bc6 15. Be4 Bxe4 16. Nxe4 Nf5 17. Bg5 h6 18. Bf4 g5 19. Bg3 Bxb2 20. c3 Bc1 21. Re2 Ba3 22. f3 Nge3 23. Be5 Re8 24. g4 Nc4 25. Nf6 Rf8 26. gxf5 Nxe5 27. Rxe5 Rxf6 28. fxe6 Bd6 29. e7 Kd7 30. Rxb5 Re8 31. h3 Rxe7+ 32. Kf2 Kc6 33. Rb2 Bc5+ 34. Kf1 Bxg1 0-1

[Event "Sachsen-ch Seniors op 17th"]
[Site "Dresden"]
[Date "2009.02.13"]
[Round "5"]
[White "Koksch, Guenther"]
[Black "Juergens, Peter1111"]
[Result "1/2-1/2"]
[WhiteElo "1921"]
[BlackElo "1806"]
[PlyCount "85"]
[EventDate "2009.02.09"]
[EventType "swiss"]
[EventRounds "9"]
[EventCountry "GER"]
[SourceTitle "EXT 2022"]
[Source "ChessBase"]
[SourceDate "2021.10.06"]
[SourceVersion "1"]
[SourceVersionDate "2021.10.06"]
[SourceQuality "1"]

1. d4 e6 2. e4 d5 3. Nc3 Bb4 4. Qd3 Ne7 5. Nge2 0-0 6. a3 Ba5 7. Bd2 Bxc3 8. Nxc3 b6 9. b4 Nd7 10. Be2 dxe4 11. Nxe4 Bb7 12. Bf3 Rb8 13. 0-0 Ng6 14. g3 h6 15. Bg2 Nf6 16. f3 Qe7 17. b5 Rfe8 18. Bb4 Qd8 19. Rad1 Nd5 20. Bd2 Nde7 21. c4 c5 22. Bc3 cxd4 23. Qxd4 Qxd4+ 24. Rxd4 Nf5 25. Rd3 Rec8 26. Nd2 Rd8 27. Rxd8+ Rxd8 28. Kf2 Rd3 29. Rc1 Rd7 30. Ne4 Nd6 31. Nxd6 Rxd6 32. Ke3 f6 33. Bh3 Kf7 34. f4 Ne7 35. Bb4 Rd7 36. Bxe7 Kxe7 37. c5 bxc5 38. Rxc5 Kd6 39. Rc1 Bd5 40. a4 Rc7 41. Rxc7 Kxc7 42. Kd4 Kd6 43. Bf1 1/2-1/2

[Event "EU-chT Seniors 10th"]
[Site "Dresden"]
[Date "2008.02.11"]
[Round "1.2"]
[White "Hottes, Dieter"]
[Black "Koksch, Guenther"]
[Result "1-0"]
[WhiteElo "2200"]
[BlackElo "2096"]
[PlyCount "59"]
[EventDate "2008.02.11"]
[EventType "team-swiss"]
[EventRounds "9"]
[EventCountry "GER"]
[SourceTitle "CBM 122 Extra"]
[Source "ChessBase"]
[SourceDate "2008.03.04"]
[SourceVersion "1"]
[SourceVersionDate "2008.03.04"]
[SourceQuality "1"]
[WhiteTeam "Wuerttemberg"]
[BlackTeam "Dresden Rotation"]
[WhiteTeamCountry "GER"]
[BlackTeamCountry "GER"]

1. b3 f5 2. Bb2 Nf6 3. c4 e6 4. Nc3 Be7 5. d4 d6 6. e3 Nbd7 7. Bd3 b6 8. Nge2 Bb7 9. Nf4 Nf8 10. 0-0 Qd7 11. Qc2 Ng6 12. d5 Nxf4 13. exf4 g6 14. Rfe1 0-0 15. Rxe6 Nh5 16. Rae1 Bd8 17. Qd2 Ng7 18. R6e2 c6 19. dxc6 Bxc6 20. Nd5 Bxd5 21. cxd5 Rc8 22. a4 a6 23. Qb4 h6 24. Re6 Bc7 25. Rxg6 Kh7 26. Rge6 a5 27. Qc3 Rf7 28. Bb5 Qd8 29. Qe3 Nxe6 30. dxe6 1-0

[Event "EU-chT Seniors 09th"]
[Site "Dresden"]
[Date "2007.02.21"]
[Round "6"]
[White "Flotten, Erling"]
[Black "Koksch, Guenther"]
[Result "0-1"]
[WhiteElo "1584"]
[BlackElo "2107"]
[PlyCount "103"]
[EventDate "2007.02.16"]
[EventType "team-swiss"]
[EventRounds "9"]
[EventCountry "GER"]
[SourceTitle "CBM 117 Extra"]
[Source "ChessBase"]
[SourceDate "2007.05.09"]
[SourceVersion "1"]
[SourceVersionDate "2007.05.09"]
[SourceQuality "1"]

1. e4 e6 2. f4 d5 3. e5 c5 4. Nf3 Nc6 5. d4 cxd4 6. Nxd4 Nxd4 7. Qxd4 Ne7 8. Bd3 Nc6 9. Qf2 Nb4 10. Bd2 b6 11. Bxb4 Bxb4+ 12. c3 Bc5 13. Qg3 0-0 14. Nd2 a5 15. Nf3 f6 16. Qh3 g6 17. Qh6 Rf7 18. g3 Ba6 19. Bxa6 Rxa6 20. 0-0-0 b5 21. Rhe1 f5 22. Rd3 b4 23. c4 Bf8 24. Qh3 Qc8 25. Kb1 dxc4 26. Rde3 Rc6 27. Rc1 Rb7 28. Qf1 c3 29. b3 Bc5 30. Rd3 Be7 31. Qd1 Ra7 32. Nd4 Rb6 33. Ne2 Qc6 34. Nd4 Qe4 35. Nc2 a4 36. Rd8+ Kf7 37. Rd7 Rxd7 38. Qxd7 axb3 39. axb3 Ra6 40. Qd4 Ra3 41. Qxe4 Rxb3+ 42. Ka2 Rb2+ 43. Ka1 fxe4 44. Nd4 Rxh2 45. Re1 Rg2 46. Rxe4 Rxg3 47. Kb1 h5 48. Kc2 Rg2+ 49. Re2 Rxe2+ 50. Nxe2 Bc5 51. Kd3 h4 52. Kc4 0-1

[Event "GER-ch Seniors 18th"]
[Site "Dresden"]
[Date "2006.07.30"]
[Round "9"]
[White "Koksch, Guenther"]
[Black "Gerstenberg, Lutz"]
[Result "1-0"]
[WhiteElo "1961"]
[BlackElo "1735"]
[PlyCount "61"]
[EventDate "2006.07.22"]
[EventType "swiss"]
[EventRounds "9"]
[EventCountry "GER"]
[SourceTitle "EXT 2022"]
[Source "ChessBase"]
[SourceDate "2021.10.06"]
[SourceVersion "1"]
[SourceVersionDate "2021.10.06"]
[SourceQuality "1"]

1. d4 d5 2. Nc3 c6 3. Bg5 Nd7 4. f3 Ngf6 5. e4 dxe4 6. fxe4 Qa5 7. e5 Ne4 8. Nf3 Nxc3 9. bxc3 Qxc3+ 10. Bd2 Qa3 11. Bd3 e6 12. Qe2 Bb4 13. 0-0 Bxd2 14. Nxd2 Qe7 15. Rf3 Qh4 16. Ne4 f5 17. exf6 Nxf6 18. Rh3 Qf4 19. Rf1 Qc7 20. Nxf6+ gxf6 21. Rxf6 Qg7 22. Qe5 Rg8 23. Rg3 Qh8 24. Rxe6+ Kd8 25. Qd6+ Bd7 26. Rxg8+ Qxg8 27. Re7 Qg4 28. h3 Qxd4+ 29. Qxd4 Kxe7 30. Qg7+ Kd6 31. Qxh7 1-0

[Event "Wch Seniors 14th"]
[Site "Halle"]
[Date "2004.11.02"]
[Round "8"]
[White "Eidelmann, Vova"]
[Black "Koksch, Guenther"]
[Result "1-0"]
[WhiteElo "2024"]
[BlackElo "2131"]
[PlyCount "121"]
[EventDate "2004.10.24"]
[EventType "swiss"]
[EventRounds "11"]
[EventCountry "GER"]
[SourceTitle "EXT 2005"]
[Source "ChessBase"]
[SourceDate "2004.11.15"]
[SourceVersion "1"]
[SourceVersionDate "2004.11.15"]
[SourceQuality "1"]

1. d4 e6 2. c4 f5 3. Nf3 Nf6 4. g3 Be7 5. Bg2 d6 6. 0-0 0-0 7. Nc3 a5 8. Ng5 c6 9. e4 h6 10. Nh3 fxe4 11. Nxe4 Qe8 12. Nf4 e5 13. dxe5 dxe5 14. Nd3 Bf5 15. Nxf6+ Bxf6 16. Nc5 Qf7 17. Qe2 Na6 18. Ne4 Rad8 19. Be3 Be7 20. Bb6 Rde8 21. Bxa5 Qg6 22. Rad1 Nc5 23. Nxc5 Bxc5 24. Kh1 e4 25. Rde1 Bg4 26. Qc2 Bf5 27. Qd2 Qh5 28. b4 Ba7 29. Bc7 Rf7 30. Bd6 Rd7 31. Qf4 Qg6 32. c5 Qe6 33. a3 g5 34. Qc1 b6 35. Re3 bxc5 36. Bxc5 Bxc5 37. Qxc5 Rd5 38. Qc4 Kh7 39. Rfe1 Rd1 40. Qxe6 Rxe1+ 41. Rxe1 Rxe6 42. Kg1 Kg6 43. h3 Kf6 44. Re3 Ke5 45. f3 Kd4 46. Kf2 exf3 47. Rxe6 Bxe6 48. Bxf3 Bd7 49. g4 Kc3 50. Ke3 Kb3 51. Kd4 Kxa3 52. Kc5 Kb3 53. Kd6 Be8 54. Ke7 Bg6 55. Bxc6 Kxb4 56. Kf6 Bd3 57. Bg2 Kc5 58. Kg7 h5 59. gxh5 Kd6 60. h6 Ke5 61. Bf3 1-0

[Event "Wch Seniors 14th"]
[Site "Halle"]
[Date "2004.10.24"]
[Round "1"]
[White "Koksch, Guenther"]
[Black "Walter, Guenter"]
[Result "1/2-1/2"]
[WhiteElo "2131"]
[BlackElo "2277"]
[PlyCount "23"]
[EventDate "2004.10.24"]
[EventType "swiss"]
[EventRounds "11"]
[EventCountry "GER"]
[SourceTitle "EXT 2005"]
[Source "ChessBase"]
[SourceDate "2004.11.15"]
[SourceVersion "1"]
[SourceVersionDate "2004.11.15"]
[SourceQuality "1"]

1. d4 g6 2. e4 Bg7 3. Nc3 d6 4. Bg5 c6 5. Bc4 Nd7 6. a4 Ngf6 7. Nf3 d5 8. exd5 Nb6 9. Bxf6 Bxf6 10. Qe2 Nxd5 11. Nxd5 cxd5 12. Bb5+ 1/2-1/2

[Event "GER-chT Seniors 13th"]
[Site "Dresden"]
[Date "2004.08.05"]
[Round "5"]
[White "Krueger, Erich"]
[Black "Koksch, Guenther"]
[Result "1/2-1/2"]
[WhiteElo "2239"]
[BlackElo "2137"]
[PlyCount "80"]
[EventDate "2004.08.01"]
[EventType "team"]
[EventRounds "7"]
[EventCountry "GER"]
[SourceTitle "CBM 103 Extra"]
[Source "ChessBase"]
[SourceDate "2005.01.01"]
[SourceVersion "1"]
[SourceVersionDate "2005.01.01"]
[SourceQuality "1"]

1. d4 e6 2. Nf3 f5 3. g3 Nf6 4. Bg2 d6 5. 0-0 Be7 6. c4 0-0 7. Nc3 a5 8. Qc2 Nc6 9. e4 Nb4 10. Qe2 fxe4 11. Nxe4 Nxe4 12. Qxe4 e5 13. g4 c6 14. a3 d5 15. cxd5 cxd5 16. Qxe5 Nc6 17. Qh5 g6 18. Qh6 Bxg4 19. Ng5 Bxg5 20. Bxg5 Qd7 21. f3 Bh5 22. Rad1 Rae8 23. Rd2 Nd8 24. Bxd8 Qxd8 25. Rc2 Rf7 26. Rfc1 Ref8 27. Qe3 Re7 28. Qb3 Rfe8 29. f4 Re1+ 30. Rxe1 Rxe1+ 31. Kf2 Qh4+ 32. Qg3 Qe7 33. Bxd5+ Kg7 34. Kg2 Re2+ 35. Rxe2 Qxe2+ 36. Qf2 Qg4+ 37. Kf1 Qd1+ 38. Kg2 Qg4+ 39. Kh1 Qd1+ 40. Kg2 Qg4+ 1/2-1/2

[Event "GER-chT Seniors 13th"]
[Site "Dresden"]
[Date "2004.08.04"]
[Round "4"]
[White "Koksch, Guenther"]
[Black "Felser, Franz"]
[Result "0-1"]
[WhiteElo "2137"]
[BlackElo "2167"]
[PlyCount "82"]
[EventDate "2004.08.01"]
[EventType "team"]
[EventRounds "7"]
[EventCountry "GER"]
[SourceTitle "CBM 103 Extra"]
[Source "ChessBase"]
[SourceDate "2005.01.01"]
[SourceVersion "1"]
[SourceVersionDate "2005.01.01"]
[SourceQuality "1"]

1. d4 d5 2. Nc3 Nf6 3. Bg5 Bf5 4. f3 c6 5. Qd2 Nbd7 6. 0-0-0 h6 7. Bf4 e6 8. g4 Bh7 9. e3 Be7 10. h4 Nb6 11. Bd3 Qd7 12. Nge2 0-0-0 13. Kb1 Bd6 14. b3 Qc7 15. a4 Bxf4 16. exf4 Bxd3 17. cxd3 Qd6 18. Kb2 Qb4 19. Ra1 a5 20. Qe3 Nbd7 21. Na2 Qd6 22. Qd2 b6 23. Rhc1 Kb7 24. Rc2 Rc8 25. Rac1 Rc7 26. Nac3 Rcc8 27. Qe3 Rhd8 28. Ng3 g5 29. hxg5 hxg5 30. fxg5 Qxg3 31. gxf6 Nxf6 32. Rg1 Nxg4 33. Qc1 Qxf3 34. Rf1 Qxd3 35. Rxf7+ Ka8 36. Qf4 Ne3 37. Rh2 Rg8 38. Qf2 Qxc3+ 39. Kxc3 Nd1+ 40. Kd2 Nxf2 41. Rhh7 Ne4+ 0-1

[Event "GER-chT Seniors 13th"]
[Site "Dresden"]
[Date "2004.08.01"]
[Round "1"]
[White "Walther, Diethelm"]
[Black "Koksch, Guenther"]
[Result "0-1"]
[WhiteElo "2193"]
[BlackElo "2137"]
[PlyCount "56"]
[EventDate "2004.08.01"]
[EventType "team"]
[EventRounds "7"]
[EventCountry "GER"]
[SourceTitle "CBM 103 Extra"]
[Source "ChessBase"]
[SourceDate "2005.01.01"]
[SourceVersion "1"]
[SourceVersionDate "2005.01.01"]
[SourceQuality "1"]

1. d4 e6 2. Nf3 f5 3. Bg5 Nf6 4. e3 Be7 5. h4 b6 6. c4 Bb7 7. Nc3 Ne4 8. Bf4 Nxc3 9. bxc3 Bf6 10. Ne5 Qe7 11. h5 d6 12. Nd3 e5 13. Bh2 exd4 14. cxd4 Bxd4 15. Rc1 Be5 16. c5 Bxh2 17. Rxh2 bxc5 18. Be2 Nd7 19. Nf4 c6 20. Qc2 Qf6 21. Bd3 Rf8 22. g4 Ne5 23. g5 Nxd3+ 24. Qxd3 Qe5 25. Qb3 0-0-0 26. Qe6+ Rd7 27. Qb3 Re8 28. Rb1 Qxf4 0-1

[Event "EU-chT Seniors 06th"]
[Site "Dresden"]
[Date "2004.02.27"]
[Round "6.4"]
[White "Weber, Bernd"]
[Black "Koksch, Guenther"]
[Result "1-0"]
[WhiteElo "2019"]
[BlackElo "2136"]
[PlyCount "57"]
[EventDate "2004.02.22"]
[EventType "team-swiss"]
[EventRounds "7"]
[EventCountry "GER"]
[SourceTitle "CBM 099 Extra"]
[Source "ChessBase"]
[SourceDate "2004.05.04"]
[SourceVersion "1"]
[SourceVersionDate "2004.05.04"]
[SourceQuality "1"]
[WhiteTeam "Leipzig SG"]
[BlackTeam "DB/BSW"]
[WhiteTeamCountry "GER"]
[BlackTeamCountry "GER"]

1. d4 e6 2. Nf3 f5 3. c3 Nf6 4. Bg5 Be7 5. Bxf6 Bxf6 6. Nbd2 d5 7. g3 c6 8. Bg2 Nd7 9. Qc2 0-0 10. 0-0 b6 11. Rac1 Ba6 12. Rfe1 Rc8 13. c4 Qe7 14. Qb3 Rc7 15. cxd5 exd5 16. e4 fxe4 17. Nxe4 Bc4 18. Nxf6+ Qxf6 19. Qe3 Rcc8 20. b3 Ba6 21. Qe7 Rcd8 22. Re6 Qf5 23. Rexc6 Rde8 24. Qg5 Be2 25. Qxf5 Rxf5 26. Nh4 Rh5 27. Rc8 Nf6 28. Rxe8+ Nxe8 29. Re1 1-0

[Event "GER-chT Seniors 12th"]
[Site "Finsterbergen"]
[Date "2003.08.15"]
[Round "6.2"]
[White "Kripp, Wolfgang"]
[Black "Koksch, Guenther"]
[Result "1/2-1/2"]
[WhiteElo "2173"]
[BlackElo "2165"]
[PlyCount "46"]
[EventDate "2003.08.10"]
[EventType "team"]
[EventRounds "7"]
[EventCountry "GER"]
[SourceTitle "EXT 2012"]
[Source "ChessBase"]
[SourceDate "2011.11.24"]
[SourceVersion "1"]
[SourceVersionDate "2011.11.24"]
[SourceQuality "1"]
[WhiteTeam "Hessen II"]
[BlackTeam "Sachsen"]
[WhiteTeamCountry "GER"]
[BlackTeamCountry "GER"]

1. e4 e6 2. d4 d5 3. Nc3 Bb4 4. e5 c5 5. a3 Ba5 6. Qg4 Ne7 7. Qxg7 Rg8 8. Qxh7 cxd4 9. b4 dxc3 10. bxa5 Nbc6 11. f4 Qxa5 12. Rb1 Bd7 13. Nf3 0-0-0 14. Qd3 d4 15. Nxd4 Nxd4 16. Qxd4 Bc6 17. Qb4 Qd5 18. Be3 Nf5 19. Qxc3 Qe4 20. Rb3 Nxe3 21. Qxe3 Qxe3+ 22. Rxe3 Bxg2 23. Rg1 Be4 1/2-1/2